Úloha SEO v digitálnom marketingu firmy bakalárska práca

Salvato in:
Dettagli Bibliografici
Autore principale: Osaďanová, Michaela
Ente Autore: Obchodná fakulta EU. Katedra marketingu
Altri autori: Jankovič, Michal, 1993-
Natura: Libro
Lingua:slovacco
Pubblicazione: Bratislava 2022
Tags: Aggiungi Tag
Nessun Tag, puoi essere il primo ad aggiungerne!!

MARC

LEADER 00000nbm a2200000 4500
001 0285785
005 20230104083817.4
041 0 |a slo 
044 |a SK 
245 1 0 |a Úloha SEO v digitálnom marketingu firmy  |b bakalárska práca  |c Michaela Osaďanová ; školiteľ: Michal Jankovič 
264 1 |a Bratislava  |c 2022 
300 |a 54 s. 
100 1 |a Osaďanová, Michaela 
700 1 |a Jankovič, Michal, 1993- 
710 2 |a Obchodná fakulta EU. Katedra marketingu